[Event "Mecklenburg VP LL2 West 0910"]
[Site "Mecklenburg VP"]
[Date "2010.03.21"]
[Round "8.1"]
[White "Mueller, Axel"]
[Black "Koenig, Bent"]
[Result "1-0"]
[WhiteElo "1942"]
[BlackElo "1662"]
[PlyCount "126"]
[EventDate "2009.10.18"]
[EventType "team-tourn"]
[EventRounds "9"]
[EventCountry "GER"]
[SourceTitle "EXT 2016"]
[Source "ChessBase"]
[SourceDate "2015.10.08"]
[SourceVersion "1"]
[SourceVersionDate "2015.10.08"]
[SourceQuality "1"]
[WhiteTeam "Putlitz"]
[BlackTeam "Schwerin SF III"]
[WhiteTeamCountry "GER"]
[BlackTeamCountry "GER"]

1. e4 c6 2. d4 d5 3. e5 Bf5 4. g4 Bg6 5. Ne2 Be4 6. Rg1 e6 7. g5 h6 8. Nbc3 Bb4 9. a3 Bxc3+ 10. Nxc3 Bg6 11. h4 hxg5 12. Bxg5 Qb6 13. Na4 Qa5+ 14. c3 Nd7 15. b4 Qc7 16. Bd3 Bxd3 17. Qxd3 b6 18. Nb2 Nf8 19. Rh1 f6 20. Bf4 g5 21. Bg3 f5 22. f3 Qe7 23. Ke2 gxh4 24. Bh2 Ng6 25. Rag1 Kf7 26. Nd1 Nh6 27. Ne3 a5 28. Nc2 Rhg8 29. Qd2 f4 30. Bxf4 Nf5 31. Bg5 Qc7 32. Rh3 axb4 33. cxb4 c5 34. f4 cxd4 35. Rd3 Ng3+ 36. Rgxg3 hxg3 37. Rxg3 Rh8 38. Kf2 Rh2+ 39. Rg2 Rxg2+ 40. Kxg2 Qc3 41. Qf2 d3 42. Ne3 Qd4 43. f5 Qe4+ 44. Kg1 exf5 45. Nxf5 Rf8 46. Nd6+ Ke6 47. Nxe4 Rxf2 48. Nxf2 Nxe5 49. Kf1 b5 50. Be3 Nc4 51. Bc5 Nxa3 52. Nxd3 Kf5 53. Ke2 Nc4 54. Nf2 Ke5 55. Kd3 Nb2+ 56. Kc3 Nc4 57. Nd3+ Ke4 58. Bd4 Kf5 59. Nc5 Nd6 60. Bg7 Kf4 61. Ne6+ Ke3 62. Bd4+ Ke4 63. Nc7 Nf5 1-0

[Event "Mecklenburg VP LL2 West 0809"]
[Site "Mecklenburg VP"]
[Date "2009.02.01"]
[Round "6.3"]
[White "Fleischer, Matthias"]
[Black "Koenig, Bent"]
[Result "1-0"]
[WhiteElo "1754"]
[BlackElo "1694"]
[PlyCount "97"]
[EventDate "2008.10.05"]
[EventType "team-tourn"]
[EventRounds "9"]
[EventCountry "GER"]
[SourceTitle "EXT 2022"]
[Source "ChessBase"]
[SourceDate "2021.10.06"]
[SourceVersion "1"]
[SourceVersionDate "2021.10.06"]
[SourceQuality "1"]
[WhiteTeam "Schwerin SV Einheit"]
[BlackTeam "Schwerin SF II"]
[WhiteTeamCountry "GER"]
[BlackTeamCountry "GER"]

1. c4 Nf6 2. Nc3 e6 3. e4 Bb4 4. e5 Ng8 5. d4 Ne7 6. Bg5 h6 7. Bxe7 Qxe7 8. Nf3 Bxc3+ 9. bxc3 d6 10. Be2 Nd7 11. 0-0 dxe5 12. dxe5 b6 13. Re1 Bb7 14. Bf1 0-0 15. Nd4 Rfd8 16. Qg4 Qc5 17. Qh3 Ba6 18. Nb3 Qc6 19. Qg4 Nc5 20. Re3 g6 21. Qf4 h5 22. Be2 Qe8 23. g4 hxg4 24. Qxg4 Nxb3 25. axb3 Bb7 26. h4 a5 27. h5 a4 28. hxg6 fxg6 29. bxa4 Rd7 30. Rg3 Rh7 31. Bf3 Bxf3 32. Qxf3 Ra5 33. Qf6 Rg7 34. Rd1 Ra8 35. Rd4 Qe7 36. Rdg4 Rf8 37. Qxe7 Rxe7 38. Rxg6+ Kf7 39. Rf6+ Ke8 40. Rxf8+ Kxf8 41. Rf3+ Ke8 42. Rf6 Kd7 43. f4 Kc8 44. Kf2 Kb7 45. Ke3 Ka6 46. Rf8 Kb7 47. Ke4 Kc6 48. f5 exf5+ 49. Kxf5 1-0

[Event "Mecklenburg VP LL2 West 0708"]
[Site "Mecklenburg VP"]
[Date "2008.04.06"]
[Round "8.5"]
[White "Koenig, Bent"]
[Black "Pamperin, Gerhard"]
[Result "1-0"]
[WhiteElo "1698"]
[BlackElo "1824"]
[PlyCount "83"]
[EventDate "2007.10.21"]
[EventType "team-tourn"]
[EventRounds "9"]
[EventCountry "GER"]
[SourceTitle "EXT 2016"]
[Source "ChessBase"]
[SourceDate "2015.10.08"]
[SourceVersion "1"]
[SourceVersionDate "2015.10.08"]
[SourceQuality "1"]
[WhiteTeam "Schwerin SF II"]
[BlackTeam "Neukloster III"]
[WhiteTeamCountry "GER"]
[BlackTeamCountry "GER"]

1. e4 e6 2. d4 d5 3. exd5 exd5 4. c4 Nf6 5. Nc3 Be7 6. Bd3 dxc4 7. Bxc4 c6 8. Nge2 0-0 9. 0-0 Bf5 10. Ng3 Bg6 11. f4 h6 12. f5 Bh7 13. Bf4 Nbd7 14. Bb3 Nb6 15. Be5 Bd6 16. Bxf6 Qxf6 17. Nce4 Qd8 18. Qg4 Bxg3 19. Nxg3 Kh8 20. f6 gxf6 21. Nh5 Rg8 22. Qf4 Rg5 23. Qxf6+ Qxf6 24. Nxf6 Bg6 25. h4 Rb5 26. h5 Bd3 27. Rf3 Bc4 28. Re1 Bxb3 29. axb3 Kg7 30. Re7 Rf8 31. Rxb7 Nc8 32. Rc7 Nd6 33. Rxc6 Nf5 34. d5 Nd4 35. Rg3+ Kh8 36. Nd7 Ne2+ 37. Kh2 Nxg3 38. Nxf8 Nf1+ 39. Kg1 Ne3 40. d6 Rd5 41. d7 Kg7 42. Rc8 1-0

[Event "Mecklenburg VP LL1 0405"]
[Site "Mecklenburg VP"]
[Date "2005.01.16"]
[Round "5.2"]
[White "Koenig, Bent"]
[Black "Schreiner, Wolfgang"]
[Result "0-1"]
[WhiteElo "1691"]
[BlackElo "1883"]
[PlyCount "86"]
[EventDate "2004.10.24"]
[EventType "team"]
[EventRounds "9"]
[EventCountry "GER"]
[SourceTitle "EXT 2009"]
[Source "ChessBase"]
[SourceDate "2008.11.26"]
[SourceVersion "1"]
[SourceVersionDate "2008.11.26"]
[SourceQuality "1"]
[WhiteTeam "Neubrandenburg SV Turbine"]
[BlackTeam "Waren"]
[WhiteTeamCountry "GER"]
[BlackTeamCountry "GER"]

1. e3 c5 2. d4 e6 3. c4 Nf6 4. Nf3 b6 5. Bd3 Bb7 6. 0-0 Be7 7. Re1 0-0 8. Nc3 d5 9. cxd5 exd5 10. Ne5 Nc6 11. f4 a6 12. a4 Nb4 13. Bb1 Rc8 14. Qf3 Re8 15. g4 Ne4 16. g5 f6 17. gxf6 Bxf6 18. Re2 g6 19. Nxe4 dxe4 20. Bxe4 Bxe4 21. Qxe4 Bxe5 22. fxe5 cxd4 23. exd4 Rxc1+ 24. Rxc1 Qg5+ 25. Kh1 Qxc1+ 26. Re1 Qc6 27. Kg2 Qxe4+ 28. Rxe4 Nc6 29. Kf3 Kf7 30. Rh4 h5 31. Ke4 Rd8 32. d5 Ne7 33. Rf4+ Kg7 34. d6 Nf5 35. Kd5 Kf7 36. e6+ Kf6 37. d7 Ke7 38. Ke5 b5 39. axb5 axb5 40. Rf3 Rb8 41. Rd3 b4 42. Kf4 Ng7 43. Kg5 Nxe6+ 0-1

[Event "Greifswald op"]
[Site "Greifswald"]
[Date "2004.01.04"]
[Round "4"]
[White "Koenig, Bent"]
[Black "Leddin, Mathias"]
[Result "1-0"]
[WhiteElo "1510"]
[BlackElo "987"]
[PlyCount "127"]
[EventDate "2004.01.??"]
[EventType "swiss"]
[EventRounds "5"]
[EventCountry "GER"]
[SourceTitle "EXT 2005"]
[Source "ChessBase"]
[SourceDate "2004.11.15"]
[SourceVersion "1"]
[SourceVersionDate "2004.11.15"]
[SourceQuality "1"]

1. b3 e5 2. Bb2 Nc6 3. e3 d5 4. Bb5 Bd6 5. f4 f6 6. Bxc6+ bxc6 7. fxe5 fxe5 8. Nf3 Bg4 9. h3 Bxf3 10. Qxf3 Qe7 11. c4 Nf6 12. Nc3 Qe6 13. cxd5 cxd5 14. 0-0-0 0-0 15. Qe2 c6 16. g4 g6 17. Rdg1 Kh8 18. h4 h5 19. gxh5 Nxh5 20. Qa6 Bc5 21. Ne2 Kh7 22. Ng3 Rg8 23. Qe2 Kh6 24. Kb1 Raf8 25. d3 Rf6 26. Bc1 Nxg3 27. Rxg3 Kh7 28. e4 Rgf8 29. h5 Kg7 30. hxg6 Rxg6 31. Bh6+ Kg8 32. Rxg6+ Qxg6 33. Bxf8 Kxf8 34. Qf3+ Ke8 35. exd5 cxd5 36. Qxd5 Bd4 37. Rh8+ Ke7 38. Qd8+ Ke6 39. Qg8+ Qxg8 40. Rxg8 Kf6 41. Rf8+ Ke6 42. Kc2 Bc5 43. Rg8 Bd4 44. Rg4 Kd5 45. b4 Kc6 46. Kb3 Kb5 47. Rxd4 exd4 48. a4+ Kc6 49. Kc4 a6 50. Kxd4 Kd6 51. Kc4 Ke5 52. d4+ Kd6 53. d5 Kd7 54. Kc5 Kc7 55. d6+ Kb7 56. d7 Kc7 57. a5 Kxd7 58. Kb6 Kc8 59. Kxa6 Kb8 60. b5 Ka8 61. b6 Kb8 62. Kb5 Kc8 63. Kc6 Kb8 64. b7 1-0

[Event "Greifswald Klar op 1st"]
[Site "Greifswald"]
[Date "2003.07.11"]
[Round "4"]
[White "Mertens, Pauline"]
[Black "Koenig, Bent"]
[Result "1/2-1/2"]
[WhiteElo "1281"]
[BlackElo "1481"]
[PlyCount "78"]
[EventDate "2003.07.10"]
[EventType "swiss"]
[EventRounds "7"]
[EventCountry "GER"]
[SourceTitle "EXT 2005"]
[Source "ChessBase"]
[SourceDate "2004.11.15"]
[SourceVersion "1"]
[SourceVersionDate "2004.11.15"]
[SourceQuality "1"]

1. e4 d6 2. d4 c6 3. Nf3 Nd7 4. Bf4 b5 5. Be2 g6 6. 0-0 Bg7 7. Nc3 Ngf6 8. a3 Nh5 9. Qd2 0-0 10. Bh6 a6 11. Bxg7 Kxg7 12. Rfe1 c5 13. dxc5 Nxc5 14. Qd4+ f6 15. b4 Nd7 16. Nd5 e6 17. Ne3 Ne5 18. Nxe5 dxe5 19. Qxd8 Rxd8 20. c4 Nf4 21. Bf1 bxc4 22. Nxc4 Bb7 23. f3 Bc6 24. Red1 Bb5 25. Nb6 Rab8 26. Bxb5 axb5 27. Rd7+ Rxd7 28. Nxd7 Rd8 29. Nc5 Ne2+ 30. Kf2 Nd4 31. Rc1 Ra8 32. Rc3 Kf7 33. Ke3 Ra7 34. Kf2 f5 35. Ke3 Rc7 36. Kd2 Ke7 37. Kd3 Kd6 38. Ke3 g5 39. g3 h6 1/2-1/2

[Event "Mecklenburg VP LL2 Ost 0102"]
[Site "Mecklenburg VP"]
[Date "2002.02.03"]
[Round "5.7"]
[White "Koenig, Bent"]
[Black "Springer, Guido"]
[Result "0-1"]
[WhiteElo "1491"]
[BlackElo "1807"]
[PlyCount "66"]
[EventDate "2001.10.07"]
[EventType "team-tourn"]
[EventRounds "9"]
[EventCountry "GER"]
[SourceTitle "EXT 2003"]
[Source "ChessBase"]
[SourceDate "2002.11.25"]
[SourceVersion "1"]
[SourceVersionDate "2002.11.25"]
[SourceQuality "1"]
[WhiteTeam "Neubrandenburg SV Turbine"]
[BlackTeam "Greifswald"]
[WhiteTeamCountry "GER"]
[BlackTeamCountry "GER"]

1. d4 Nf6 2. c4 g6 3. Nc3 Bg7 4. e4 d6 5. f4 0-0 6. Nf3 c5 7. d5 e6 8. Be2 exd5 9. cxd5 a6 10. a4 Re8 11. Nd2 Qe7 12. a5 Nbd7 13. Qb3 c4 14. Qxc4 Nc5 15. Bf3 Nfxe4 16. 0-0 Nxc3 17. bxc3 Qe3+ 18. Kh1 Qxc3 19. Ra3 Qd4 20. Qxd4 Bxd4 21. Nc4 Ne4 22. Bxe4 Rxe4 23. Nxd6 Re2 24. Rd3 Bf6 25. Rb3 Rb8 26. Rd1 Bd7 27. Rxb7 Rxb7 28. Nxb7 Ba4 29. Rg1 Bd4 30. Rf1 Bb3 31. d6 Bd5 32. Rg1 Bxg2+ 33. Rxg2 Re1+ 0-1

[Event "Mecklenburg VP LL2 Ost 0001"]
[Site "Mecklenburg VP"]
[Date "2001.04.29"]
[Round "9.7"]
[White "Reinke, Thomas"]
[Black "Koenig, Bent"]
[Result "1-0"]
[WhiteElo "1805"]
[BlackElo "1115"]
[PlyCount "27"]
[EventDate "2000.10.15"]
[EventType "team-tourn"]
[EventRounds "9"]
[EventCountry "GER"]
[SourceTitle "EXT 2016"]
[Source "ChessBase"]
[SourceDate "2015.10.08"]
[SourceVersion "1"]
[SourceVersionDate "2015.10.08"]
[SourceQuality "1"]
[WhiteTeam "Wolgast Motor"]
[BlackTeam "Neubrandenburg SV Turbine"]
[WhiteTeamCountry "GER"]
[BlackTeamCountry "GER"]

1. e4 c6 2. d4 d5 3. e5 Bf5 4. Bd3 Bxd3 5. Qxd3 e6 6. Nf3 Qc7 7. 0-0 Nd7 8. Nc3 a6 9. Ne2 Ne7 10. Ng3 Ng6 11. Ng5 Be7 12. Nh5 h6 13. Nxe6 Qc8 14. Nhxg7# 1-0

[Event "Mecklenburg VP LL2 Ost 0001"]
[Site "Mecklenburg VP"]
[Date "2001.01.07"]
[Round "4.8"]
[White "Koenig, Bent"]
[Black "Assmann, Hans"]
[Result "0-1"]
[WhiteElo "1115"]
[BlackElo "1574"]
[PlyCount "54"]
[EventDate "2000.10.15"]
[EventType "team-tourn"]
[EventRounds "9"]
[EventCountry "GER"]
[SourceTitle "EXT 2016"]
[Source "ChessBase"]
[SourceDate "2015.10.08"]
[SourceVersion "1"]
[SourceVersionDate "2015.10.08"]
[SourceQuality "1"]
[WhiteTeam "Neubrandenburg SV Turbine"]
[BlackTeam "Stralsund FHSG II"]
[WhiteTeamCountry "GER"]
[BlackTeamCountry "GER"]

1. b3 e5 2. Bb2 Nc6 3. e3 Nf6 4. Bb5 d6 5. h3 a6 6. Bxc6+ bxc6 7. c4 Bb7 8. c5 g6 9. Ne2 Bg7 10. Qc2 0-0 11. 0-0 Re8 12. b4 d5 13. d3 Bc8 14. e4 Nh5 15. g4 Nf4 16. Nxf4 exf4 17. Bxg7 Kxg7 18. f3 a5 19. bxa5 dxe4 20. fxe4 Qd4+ 21. Kg2 g5 22. Nd2 Ba6 23. Rf3 Qxa1 24. Nb3 Qe5 25. Rf2 Rad8 26. Rd2 f6 27. Kf3 Bxd3 0-1

[Event "Mecklenburg VP LL2 Ost 0001"]
[Site "Mecklenburg VP"]
[Date "2000.10.15"]
[Round "1.8"]
[White "Hiltner, Harald"]
[Black "Koenig, Bent"]
[Result "1/2-1/2"]
[WhiteElo "1530"]
[BlackElo "1115"]
[PlyCount "75"]
[EventDate "2000.10.15"]
[EventType "team-tourn"]
[EventRounds "9"]
[EventCountry "GER"]
[SourceTitle "EXT 2016"]
[Source "ChessBase"]
[SourceDate "2015.10.08"]
[SourceVersion "1"]
[SourceVersionDate "2015.10.08"]
[SourceQuality "1"]
[WhiteTeam "Saal Waterkant"]
[BlackTeam "Neubrandenburg SV Turbine"]
[WhiteTeamCountry "GER"]
[BlackTeamCountry "GER"]

1. e4 c6 2. Nc3 d5 3. d4 dxe4 4. Nxe4 Bf5 5. Nc5 b6 6. Nb3 e6 7. Bd3 Bxd3 8. Qxd3 Bd6 9. Nf3 h6 10. c3 Nf6 11. Nbd2 Qc7 12. Nc4 Nbd7 13. Nxd6+ Qxd6 14. Qe2 Nd5 15. 0-0 g5 16. Ne5 Nxe5 17. Qxe5 0-0-0 18. Re1 Qxe5 19. Rxe5 Rhg8 20. Be3 Rg6 21. Re1 Rdg8 22. Bd2 h5 23. g3 h4 24. Kg2 hxg3 25. hxg3 g4 26. Rh5 Nf6 27. Rh6 Rxh6 28. Bxh6 Kd7 29. Kf1 Rh8 30. Be3 Rh1+ 31. Ke2 Rxe1+ 32. Kxe1 Ne4 33. Ke2 b5 34. Kd3 f5 35. a3 a5 36. b4 a4 37. c4 Nd6 38. c5 1/2-1/2